000 00914nmc a2200313 a 4500
003 AR-BaBNM
005 20251128202732.0
008 157019s1992 ||||||||||||||000 | spa||
020 _a84-7100-345-7
040 _cAR-BaBNM
100 1 _aCervera Pery, José
245 1 0 _aLa marina española en la emancipación de Hispanoamericana
250 _a1ª ed.
260 _aMadrid
_bMapfre
_c1992
300 _a290 p.
_btablas, il.,láms.
490 0 _aMar y américa
_vv. 11
500 _aApéndice para consultar p. 243-276.
650 4 _aNAVEGACION MARITIMA
650 4 _aTRANSPORTE MARITIMO
650 4 _aHISTORIA POLITICA
650 4 _aHISTORIA ECONOMICA
650 4 _aMARES
650 4 _aBUQUES
650 4 _aMOVIMIENTOS EMANCIPADORES LATINOAMERICANOS
800 1 _aGallego, José Andrés
_ecoordinador
800 1 _aBordejé Morencós, Fernando de
_edirector
942 _cBK
998 _cmariana
999 _c323
_d323